Five Most Unstable Countries by Continent - Statistics

General Stats
  • This quiz has been taken 567 times
  • The average score is 22 of 30
Answer Stats
Hint Answer % Correct
74.0 Ukraine
86%
82.9 Venezuela
86%
78.9 Colombia
85%
105.4 Iraq
84%
79.2 Russia
83%
110.6 Syria
81%
107.3 Afghanistan
80%
105.3 Haiti
79%
110.6 Sudan
78%
72.4 Belarus
77%
79.1 Honduras
77%
113.4 Somalia
76%
113.9 South Sudan
76%
77.3 Ecuador
75%
71.3 Guyana
75%
77.1 Nicaragua
75%
72.0 Moldova
74%
110.0 D.R. Congo
73%
83.1 Guatemala
73%
74.3 Mexico
73%
71.6 Paraguay
73%
76.9 Fiji
72%
86.4 Papua New Guinea
67%
111.1 Yemen
67%
67.1 Samoa
65%
84.8 Solomon Islands
64%
98.9 Pakistan
61%
112.6 Central African Republic
58%
76.4 F. S. Micronesia
58%
73.0 Bosnia and Herzegovina
56%
No matching quizzes found
Score Distribution
Percent of People with Each Score
Percentile by Number Answered
Your Score History
You have not taken this quiz